000 00672nam a2200217 i 4500
001 bgj
100 1 _aJEFFREYS-JONES, Rhodri
245 1 0 _aThe Growth of Federal Power in American History /
_cRhodri Jeffreys-Jones ; Bruce Collins.
260 _aDeKalb, Il :
_bNorthern Illinois University Press,
_cc. 1983.
300 _aVI, 207 pp ;
_c26 cm.
504 _aBibliogrphy p. 193-198.
505 _aIncludes index.
650 9 _aFederal government
_xHistory
_zUnited States
700 1 _aCOLLINS, Bruce.
_eco-author
020 _a0875800998
040 _cBPK
041 0 _aeng
920 _a0-87580-099-8
942 _cKS
008 s uk f |000 0 eng
999 _c47674
_d47674
856 _uhttp://koha.tu.koszalin.pl/cgi-bin/koha/opac-detail.pl?biblionumber=47674
_yKatalog online BPK